000 01734cam a22002054a 4500
005 20250605164230.0
008 250528s ||||||||||||||||||||||||d
035 _a20947
020 _a9789601424354
040 _aGR-AtMCL
_bgre
_dGR-AtMCL
_eAACR2
245 1 _aΠαιδική Ηλικία και τα Δικαιώματα του Παιδιού
260 _bΑ. Α. Λιβάνη,
_c2011
300 _a288
520 _aΗ Παιδική Ηλικία, Ο Ρόλος των Ιδρυμάτων σε περιόδους Κρίσης, Το Δικαίωμα στην Εκπαίδευση των Αλλοδαπών Μαθητών, Οι Επιπτώσεις των Οικονομικών Κρίσεων στα παιδιά και στα δικαιώματα τους, Τα Δικαιώματα του Παιδιού σε έναν κόσμο που αλλάζει, Το Ζήτημα της Οικουμενικότητας των Δικαιωμάτων του Παιδιού, Κοινωνική Συγκρότηση της Παιδικής Ταυτότητας, Η Διαπολιτισμική Εκπαίδευση στο Σύγχρονο Πολυπολιτισμικό Περιβάλλον ως Απόρροια της Σύμβασης του Οργανισμού Ηνωμένων Εθνών (ΟΗΕ) για τα Δικαιώματα του Παιδιού, Η Πρόσβαση του Γυναικείου Φύλου στην Πρωτοβάθμια Εκπαίδευση κατά τον 19ο αιώνα: Δυνατότητες και Πραγματικότητα.
700 1 _aΓκίβαλος Μενέλαος
_96937
700 1 _aΔασκαλάκης Δημοσθένης
_96938
942 _cBK
999 _c6024
_d6024